000 00544nam a2200193 a 4500
005 20140310183241.0
008 041026s19uu xx 00 eng d
020 _a019122005992
050 _aPS 3537
_b.Sa165 1991
100 _aSalinger, J.D.
245 _aThe catcher in the rye /
_cJ.D. Salinger.
260 _aUSA :
_bLittle Brown Company,
_c1991.
300 _a214 p. :
_c18 cm.
650 _aTeenage boys in literature.
650 _aRunaway teenagers in literature.
942 _cBK
_2lcc
_kFOR
999 _c20616
_d20616